[Event "World Rapid Championship"]
[Site "Riyadh KSA"]
[Date "2017.12.28"]
[EventDate "2017.12.26"]
[Round "14.9"]
[Result "0-1"]
[White "Maxime Vachier-Lagrave"]
[Black "Evgeny Alekseev"]
[WhiteElo "2839"]
[BlackElo "2681"]
[PlyCount "106"]

1. e4 e5 2. Nf3 Nc6 3. Bc4 Bc5 4. O-O Nf6 5. d3 d6 6. c3 O-O
7. Re1 Bb6 8. a4 a5 9. h3 Ne7 10. d4 Ng6 11. Bd3 c6 12. Be3 h6
13. Nbd2 Be6 14. Qc2 Bc7 15. Rad1 Qe7 16. c4 Rfd8 17. Nf1 Nh5
18. d5 Bd7 19. Ng3 Nhf4 20. Bf1 Qf6 21. Nf5 Ne7 22. Bxf4 Nxf5
23. Bc1 Ne7 24. Qb3 Rab8 25. Nh2 Qg6 26. Nf3 Qf6 27. Nh2 Qg6
28. g3 f5 29. Bg2 fxe4 30. Bxe4 Bf5 31. Bxf5 Qxf5 32. Kg2 cxd5
33. cxd5 b5 34. axb5 Qd7 35. Ng4 Rxb5 36. Qc2 Nf5 37. Be3 Bb6
38. Bxb6 Rxb6 39. Rc1 Rdb8 40. Rb1 Qf7 41. Ne3 Nd4 42. Qe4
Rxb2 43. Rxb2 Rxb2 44. Rf1 a4 45. h4 a3 46. Qg4 a2 47. Qc8+
Kh7 48. Qa6 Qf3+ 49. Kh3 Nf5 50. Nxf5 Qxf5+ 51. Kg2 Qe4+
52. Kg1 Qxd5 53. Qc8 Qd3 0-1

[Event "World Rapid Championship"]
[Site "Riyadh KSA"]
[Date "2017.12.28"]
[EventDate "2017.12.26"]
[Round "15.17"]
[Result "1/2-1/2"]
[White "Alexey Dreev"]
[Black "Maxime Vachier-Lagrave"]
[WhiteElo "2653"]
[BlackElo "2789"]
[PlyCount "159"]

1. d4 Nf6 2. Nf3 e6 3. c4 d5 4. Nc3 Bb4 5. cxd5 exd5 6. Bg5 h6
7. Bxf6 Qxf6 8. Qa4+ Nc6 9. e3 O-O 10. Be2 Be6 11. O-O a6
12. Rac1 Bd6 13. Qc2 Rfe8 14. Na4 Ne7 15. Nc5 Bxc5 16. Qxc5 c6
17. Qb6 Rab8 18. Qc7 Bg4 19. Rfe1 Bxf3 20. Bxf3 Nf5 21. Qf4 g5
22. Qg4 Kg7 23. Qh5 Re7 24. g3 Rbe8 25. Rf1 Nd6 26. Bg2 Qg6
27. Qxg6+ Kxg6 28. Rfe1 f5 29. Kf1 h5 30. Bf3 h4 31. Be2 g4
32. Bd3 Rh8 33. Ke2 hxg3 34. hxg3 Reh7 35. Kd2 Rh2 36. Re2 Kf6
37. Kc3 Ke6 38. Kb4 Kd7 39. a4 Kc7 40. a5 Rg2 41. Rec2 Kd7
42. Bf1 Rgh2 43. Bd3 R8h5 44. Kc5 Nc8 45. Rf1 Kc7 46. Rfc1 Ne7
47. b3 Rh6 48. Rg1 Rf6 49. Rf1 Rfh6 50. Rg1 Rh8 51. Rgc1 R8h5
52. Rg1 Nc8 53. Rgc1 Nd6 54. Kb4 Ne4 55. Rf1 Rg2 56. Bxe4 fxe4
57. Kc5 Rhh2 58. Rd2 Rh5 59. Rfd1 Rh8 60. Rf1 Rgh2 61. Ra1 Rf8
62. Rf1 Rb8 63. Kb4 Kd6 64. Rc1 Rf8 65. Rcc2 Rh1 66. Ka3 Rg1
67. Kb4 Rh8 68. Ka3 Rhh1 69. Kb4 Ra1 70. Ra2 Rxa2 71. Rxa2 Kc7
72. Kc3 b6 73. axb6+ Kxb6 74. b4 Rc1+ 75. Kb3 Rh1 76. Kc3 Rh2
77. Kb3 Rh8 78. Kc3 Ra8 79. Ra5 Rf8 80. Ra2 1/2-1/2

[Event "World Blitz Championship"]
[Site "Riyadh KSA"]
[Date "2017.12.29"]
[EventDate "2017.12.29"]
[Round "1.4"]
[Result "1/2-1/2"]
[White "Richard Rapport"]
[Black "Maxime Vachier-Lagrave"]
[WhiteElo "2707"]
[BlackElo "2789"]
[PlyCount "77"]

1. d4 Nf6 2. Bg5 d5 3. e3 c5 4. Nc3 cxd4 5. exd4 Nc6 6. Bxf6
gxf6 7. Qh5 e6 8. O-O-O Bb4 9. Nge2 Bd7 10. h4 Qe7 11. a3 Ba5
12. Rh3 O-O-O 13. Re3 Qf8 14. Na4 Kb8 15. Nc5 Bc8 16. Rb3 Bb6
17. Na4 Bc7 18. Kb1 Na5 19. Rf3 f5 20. Nec3 Qg7 21. Nb5 Qg6
22. Qg5 Qxg5 23. hxg5 Rdg8 24. Nxc7 Kxc7 25. Rg3 Bd7 26. Nc5
b6 27. Nd3 Nc6 28. Nf4 Kd6 29. Be2 h6 30. g6 fxg6 31. Rxg6
Rxg6 32. Nxg6 Rg8 33. Nf4 Nd8 34. g3 Nf7 35. Rh1 Rh8 36. Ng6
Rg8 37. Nf4 Rh8 38. Ng6 Rg8 39. Nf4 1/2-1/2

[Event "World Blitz Championship"]
[Site "Riyadh KSA"]
[Date "2017.12.29"]
[EventDate "2017.12.29"]
[Round "2.28"]
[Result "1-0"]
[White "Maxime Vachier-Lagrave"]
[Black "Laurent Fressinet"]
[WhiteElo "2789"]
[BlackElo "2662"]
[PlyCount "73"]

1. e4 e5 2. Nf3 Nc6 3. Bb5 a6 4. Ba4 Nf6 5. O-O Be7 6. d3 b5
7. Bb3 d6 8. c3 Na5 9. Bc2 c5 10. Re1 O-O 11. Nbd2 Nc6 12. Nf1
Re8 13. Ng3 h6 14. h3 Be6 15. Nh2 Bf8 16. Qf3 d5 17. Ng4 Nxg4
18. hxg4 d4 19. Nf5 Rc8 20. Bd2 c4 21. Rad1 dxc3 22. bxc3 cxd3
23. Bxd3 Qc7 24. g5 hxg5 25. Bxg5 f6 26. Be3 Rcd8 27. Qg4 Na5
28. Be2 Nc4 29. Rxd8 Qxd8 30. Rd1 Qc7 31. Qg6 Rd8 32. Rxd8
Qxd8 33. Bc1 Bxf5 34. Qxf5 Qe8 35. Bh5 Qe7 36. Bg6 Qd8
37. Qe6+ 1-0

[Event "World Blitz Championship"]
[Site "Riyadh KSA"]
[Date "2017.12.29"]
[EventDate "2017.12.29"]
[Round "3.10"]
[Result "0-1"]
[White "Li Chao"]
[Black "Maxime Vachier-Lagrave"]
[WhiteElo "2732"]
[BlackElo "2789"]
[PlyCount "136"]

1. d4 Nf6 2. c4 g6 3. g3 c6 4. Bg2 d5 5. Nf3 Bg7 6. Qb3 O-O
7. O-O Qb6 8. Nc3 Rd8 9. h3 Bf5 10. Bf4 Na6 11. Qxb6 axb6
12. cxd5 Nxd5 13. Nxd5 Rxd5 14. Be5 Bxe5 15. dxe5 Be4 16. Rfd1
Bxf3 17. Bxf3 Rxe5 18. a3 Kf8 19. Rd7 Nc5 20. Rc7 Rb8 21. b4
Ne6 22. Rd7 Ke8 23. Rad1 Rd8 24. Rxd8+ Nxd8 25. a4 b5 26. a5
Re6 27. Ra1 Kd7 28. e3 Kc7 29. Kf1 Rd6 30. Ke2 f5 31. g4 e5
32. gxf5 gxf5 33. Rg1 Rg6 34. Rd1 Rg7 35. h4 Nf7 36. Ra1 e4
37. Bh5 Ne5 38. a6 bxa6 39. Rxa6 Kb7 40. Ra1 Nd3 41. Rb1 Rg2
42. Rf1 f4 43. Bf3 exf3+ 44. Kxd3 fxe3 45. fxe3 Rg3 46. e4 f2+
47. Ke2 Rb3 48. Rxf2 Rxb4 49. Ke3 Rb3+ 50. Kd4 Kb6 51. e5 Rb4+
52. Kd3 Kc5 53. Re2 Rd4+ 54. Kc2 Rd7 55. Rf2 Re7 56. Rf5 Kd4
57. Rf6 c5 58. e6 Ke5 59. Rh6 Rxe6 60. Rxh7 Kd4 61. h5 Re2+
62. Kb3 Re3+ 63. Kc2 Rh3 64. h6 Kc4 65. Kd2 b4 66. Ke2 Kb3
67. Rc7 Rxh6 68. Rxc5 Rd6 0-1

[Event "World Blitz Championship"]
[Site "Riyadh KSA"]
[Date "2017.12.29"]
[EventDate "2017.12.29"]
[Round "4.6"]
[Result "1-0"]
[White "Maxime Vachier-Lagrave"]
[Black "Martyn Kravtsiv"]
[WhiteElo "2789"]
[BlackElo "2672"]
[PlyCount "67"]

1. e4 e5 2. Nf3 Nc6 3. Bb5 a6 4. Ba4 Nf6 5. O-O Be7 6. d3 b5
7. Bb3 d6 8. a3 O-O 9. Nc3 Bg4 10. Be3 Nd4 11. Bxd4 exd4
12. Nd5 Nd7 13. h3 Bxf3 14. Qxf3 a5 15. Nxe7+ Qxe7 16. Qg3 Qe5
17. f4 Qc5 18. Rfe1 a4 19. Ba2 Qxc2 20. e5 Nc5 21. f5 Qxd3
22. Qg5 dxe5 23. Rad1 Qc2 24. Rd2 Ne4 25. Rxc2 Nxg5 26. h4 d3
27. Rd2 Rae8 28. hxg5 e4 29. g6 Re5 30. gxf7+ Rxf7 31. Rxd3
Kf8 32. Bxf7 Kxf7 33. Rd7+ Kf6 34. Rxc7 1-0

[Event "World Blitz Championship"]
[Site "Riyadh KSA"]
[Date "2017.12.29"]
[EventDate "2017.12.29"]
[Round "5.4"]
[Result "0-1"]
[White "Vidit Santosh Gujrathi"]
[Black "Maxime Vachier-Lagrave"]
[WhiteElo "2715"]
[BlackElo "2789"]
[PlyCount "140"]

1. Nf3 c5 2. c4 Nc6 3. d4 cxd4 4. Nxd4 Nf6 5. Nc3 e6 6. a3 Be7
7. e4 O-O 8. Nf3 Qa5 9. Bd2 Qh5 10. Be2 d5 11. cxd5 exd5
12. exd5 Nxd5 13. Nd4 Qe5 14. Nf3 Qd6 15. Nxd5 Qxd5 16. Bc3
Be6 17. O-O Rfd8 18. Qxd5 Bxd5 19. Rfd1 Kf8 20. Kf1 Bb3
21. Rxd8+ Rxd8 22. Nd2 Be6 23. Rd1 Nd4 24. Bc4 b5 25. Bxe6
Nxe6 26. Re1 a6 27. g3 Ke8 28. Nf3 Rd5 29. Ke2 Bc5 30. h4 f6
31. Rc1 Kd7 32. Bd2 Bd4 33. Rc2 h5 34. Be3 Bxe3 35. Kxe3 g5
36. Ke4 Kd6 37. hxg5 fxg5 38. Ke3 g4 39. Nh4 Re5+ 40. Kd3 Nc5+
41. Kd4 Re4+ 42. Kc3 Rc4+ 43. Kd2 Ne4+ 44. Kd3 Rxc2 45. Kxc2
Ke5 46. Kd3 Nxf2+ 47. Ke2 Ne4 48. Ng6+ Kf6 49. Nf4 Nxg3+
50. Ke3 h4 51. Kf2 Ne4+ 52. Kg2 Kf5 53. Nd3 h3+ 54. Kh2 Nd2
55. Kg3 Ne4+ 56. Kh2 Kg5 57. Ne5 Kf4 58. Nd3+ Kf5 59. b4 Nd2
60. Kg3 Nf1+ 61. Kf2 h2 62. Kg2 g3 63. Nc5 Ne3+ 64. Kh1 Kg4
65. Nd3 Kf3 66. a4 bxa4 67. b5 a3 68. bxa6 a2 69. Ne1+ Ke2
70. a7 a1=Q 0-1

[Event "World Blitz Championship"]
[Site "Riyadh KSA"]
[Date "2017.12.29"]
[EventDate "2017.12.29"]
[Round "6.2"]
[Result "1/2-1/2"]
[White "Maxime Vachier-Lagrave"]
[Black "Sanan Sjugirov"]
[WhiteElo "2789"]
[BlackElo "2650"]
[PlyCount "68"]

1. e4 e5 2. Nf3 Nc6 3. Bb5 a6 4. Ba4 Nf6 5. O-O Be7 6. d3 b5
7. Bb3 d6 8. a3 Na5 9. Ba2 c5 10. Nc3 O-O 11. b4 Nc6 12. Nd5
Be6 13. Nxf6+ Bxf6 14. Bxe6 fxe6 15. bxc5 dxc5 16. a4 Qd7
17. Ba3 Be7 18. Bb2 Bd6 19. axb5 axb5 20. Rxa8 Rxa8 21. Qd2 h6
22. h3 Nd4 23. Bxd4 exd4 24. Nh4 Qd8 25. g3 Ra2 26. Rb1 Qd7
27. Qe2 b4 28. e5 Bc7 29. Ng6 Qf7 30. Qe4 Bd8 31. Nf4 Bg5
32. Ng6 Bd8 33. Nf4 Bg5 34. Ng6 Bd8 1/2-1/2

[Event "World Blitz Championship"]
[Site "Riyadh KSA"]
[Date "2017.12.29"]
[EventDate "2017.12.29"]
[Round "7.3"]
[Result "0-1"]
[White "Bassem Amin"]
[Black "Maxime Vachier-Lagrave"]
[WhiteElo "2689"]
[BlackElo "2789"]
[PlyCount "73"]

1. e4 c5 2. Nf3 d6 3. g3 b6 4. Bg2 Bb7 5. d3 Nf6 6. O-O e6
7. Re1 Be7 8. Nbd2 O-O 9. c3 Nc6 10. a3 Rc8 11. d4 cxd4
12. cxd4 b5 13. e5 Nd5 14. Ne4 b4 15. Qd3 dxe5 16. dxe5 Nb6
17. Nd6 Rc7 18. Bf4 Nd5 19. Nxb7 Rxb7 20. Bd2 bxa3 21. bxa3
Qb8 22. Bg5 Rd8 23. Qc2 Nd4 24. Nxd4 Bxg5 25. h4 Rc7 26. Qa4
Nc3 27. Nc6 Nxa4 28. Nxb8 Rxb8 29. hxg5 Nc3 30. Bf3 g6 31. Kg2
Rb5 32. Re3 Rbc5 33. Kf1 Kg7 34. Ke1 Na4 35. Rb1 Nb6 36. Re4
Nc4 37. Rd1 0-1

[Event "World Blitz Championship"]
[Site "Riyadh KSA"]
[Date "2017.12.29"]
[EventDate "2017.12.29"]
[Round "8.2"]
[Result "1/2-1/2"]
[White "Maxime Vachier-Lagrave"]
[Black "Sergey Karjakin"]
[WhiteElo "2789"]
[BlackElo "2760"]
[PlyCount "57"]

1. e4 e5 2. Nf3 Nc6 3. Bb5 Nf6 4. O-O Nxe4 5. Re1 Nd6 6. Nxe5
Be7 7. Bf1 Nxe5 8. Rxe5 O-O 9. Nc3 Ne8 10. Nd5 Bd6 11. Re1 c6
12. Ne3 Bc7 13. Nf5 d5 14. Ne7+ Kh8 15. Nxc8 Rxc8 16. d3 f5
17. g3 Nf6 18. Bh3 Qd7 19. Bg5 h6 20. Bxf6 Rxf6 21. Qh5 Rcf8
22. Re2 Qf7 23. Qxf7 R6xf7 24. Rae1 g6 25. d4 Kg7 26. c3 Bd8
27. Re8 Rxe8 28. Rxe8 Rf8 29. Rxf8 1/2-1/2

[Event "World Blitz Championship"]
[Site "Riyadh KSA"]
[Date "2017.12.29"]
[EventDate "2017.12.29"]
[Round "9.4"]
[Result "1-0"]
[White "Maxime Vachier-Lagrave"]
[Black "Anton Korobov"]
[WhiteElo "2789"]
[BlackElo "2652"]
[PlyCount "95"]

1. e4 c5 2. Nf3 d6 3. d4 cxd4 4. Nxd4 Nf6 5. Nc3 a6 6. Be2 e5
7. Nf3 h6 8. Nd2 Be6 9. Nc4 Nc6 10. Ne3 Ne7 11. O-O Rc8
12. Bf3 g6 13. Qd3 Bg7 14. Rd1 Rc6 15. b3 Qc8 16. Bb2 O-O
17. a4 h5 18. h3 Rd8 19. a5 Bh6 20. Ncd5 Bxd5 21. exd5 Rc7
22. c4 Nf5 23. Nxf5 Qxf5 24. Qxf5 gxf5 25. Re1 Bd2 26. Re2 Bg5
27. g3 h4 28. g4 fxg4 29. hxg4 Bf4 30. Kg2 Nh7 31. Rh1 Bg5
32. Be4 Kg7 33. Bf5 Nf8 34. Rxe5 Bf6 35. Re2 Bxb2 36. Rxb2 Rc5
37. Ra2 Ng6 38. Bxg6 fxg6 39. Rxh4 Re8 40. Ra4 Re7 41. Rh3 Kf6
42. Re3 Rcc7 43. Rxe7 Rxe7 44. Kf3 Ke5 45. Ke3 Kf6+ 46. Kd4
Re1 47. Rb4 Rd1+ 48. Ke4 1-0

[Event "World Blitz Championship"]
[Site "Riyadh KSA"]
[Date "2017.12.29"]
[EventDate "2017.12.29"]
[Round "10.3"]
[Result "1/2-1/2"]
[White "Zaven Andriasian"]
[Black "Maxime Vachier-Lagrave"]
[WhiteElo "2585"]
[BlackElo "2789"]
[PlyCount "73"]

1. e4 c5 2. Nc3 d6 3. g3 Nc6 4. Bg2 g6 5. d3 Bg7 6. Be3 Rb8
7. a4 e6 8. Nge2 Nge7 9. d4 cxd4 10. Nxd4 a6 11. O-O O-O
12. h3 Qc7 13. Qd2 Rd8 14. Rad1 b6 15. Nce2 Bb7 16. Bh6 Nxd4
17. Nxd4 d5 18. Bxg7 Kxg7 19. exd5 Bxd5 20. Qe3 e5 21. Ne2
Bxg2 22. Kxg2 Nf5 23. Qc3 Qxc3 24. Nxc3 Nd4 25. Rd2 Rbc8
26. Rfd1 Rc4 27. Ne2 Rdc8 28. Nxd4 exd4 29. Rxd4 Rxc2 30. Rb4
R8c6 31. Rd3 a5 32. Rb5 Re2 33. b4 axb4 34. Rxb4 Rf6 35. Rf3
Rxf3 36. Kxf3 Ra2 37. Rxb6 1/2-1/2

[Event "World Blitz Championship"]
[Site "Riyadh KSA"]
[Date "2017.12.29"]
[EventDate "2017.12.29"]
[Round "11.3"]
[Result "1/2-1/2"]
[White "Maxime Vachier-Lagrave"]
[Black "Peter Svidler"]
[WhiteElo "2789"]
[BlackElo "2765"]
[PlyCount "77"]

1. e4 c5 2. Nf3 e6 3. d4 cxd4 4. Nxd4 Nc6 5. Nc3 a6 6. Be3 Nf6
7. Bd3 Qc7 8. O-O Nxd4 9. Bxd4 Bc5 10. Bxc5 Qxc5 11. Kh1 d6
12. f4 Bd7 13. Qd2 Bc6 14. Rae1 Rd8 15. e5 dxe5 16. fxe5 Nd7
17. Qf4 O-O 18. Re3 f5 19. exf6 Rxf6 20. Qg3 Rxf1+ 21. Bxf1
Rf8 22. Bd3 Nf6 23. Rxe6 Nh5 24. Qe3 Qxe3 25. Rxe3 Nf4 26. Be4
Bxe4 27. Rxe4 Nd5 28. Kg1 Nxc3 29. bxc3 Rc8 30. c4 Kf7 31. Kf2
Rc5 32. a3 Ra5 33. Re3 Ra4 34. Rb3 Kf6 35. Rxb7 Rxa3 36. Rb3
Ra2 37. Kf3 Rxc2 38. Ra3 Rxc4 39. Rxa6+ 1/2-1/2

[Event "World Blitz Championship"]
[Site "Riyadh KSA"]
[Date "2017.12.30"]
[EventDate "2017.12.29"]
[Round "12.3"]
[Result "1/2-1/2"]
[White "Yu Yangyi"]
[Black "Maxime Vachier-Lagrave"]
[WhiteElo "2751"]
[BlackElo "2789"]
[PlyCount "140"]

1. e4 c5 2. Nf3 d6 3. d4 cxd4 4. Nxd4 Nf6 5. Nc3 a6 6. Be3 Ng4
7. Bc1 Nf6 8. f3 e5 9. Nb3 Be6 10. Be3 h5 11. Qd2 Nbd7
12. O-O-O b5 13. Kb1 Be7 14. h4 O-O 15. Bg5 Rc8 16. a3 Qc7
17. g4 hxg4 18. fxg4 Nb6 19. Bxf6 Bxf6 20. g5 Be7 21. Qg2 f5
22. exf5 Rxf5 23. Bd3 Rf4 24. Be4 Rg4 25. Qe2 Qc4 26. Bd3 Qc6
27. Be4 Qc4 28. Bd3 Qc6 29. Be4 Qd7 30. Nd5 Nxd5 31. Bxd5 Bxd5
32. Rxd5 Qe6 33. Rdd1 Rcc4 34. Qf2 d5 35. Rdg1 Rcf4 36. Qe1
Rxg1 37. Rxg1 d4 38. h5 Qf5 39. g6 Qxh5 40. Qa5 Rf6 41. Qc7
Bf8 42. Re1 Qxg6 43. Qxe5 b4 44. a4 d3 45. Qd5+ Rf7 46. cxd3
Qf5 47. Qc4 g5 48. Nd4 Qc5 49. Ne6 Qxc4 50. dxc4 Re7 51. Kc2
g4 52. Kd1 Kf7 53. Nxf8 Kxf8 54. Rxe7 Kxe7 55. b3 Ke6 56. Ke2
a5 57. Kf2 Ke5 58. Ke3 Kf5 59. Ke2 Ke4 60. Kf2 Kf4 61. Kg2 Ke5
62. Kf2 Kf4 63. Kg2 Ke5 64. Kg3 Kf5 65. c5 Ke5 66. Kxg4 Kd5
67. Kf5 Kxc5 68. Ke5 Kc6 69. Ke6 Kc5 70. Ke5 Kc6 1/2-1/2

[Event "World Blitz Championship"]
[Site "Riyadh KSA"]
[Date "2017.12.30"]
[EventDate "2017.12.29"]
[Round "16.1"]
[Result "1/2-1/2"]
[White "Magnus Carlsen"]
[Black "Maxime Vachier-Lagrave"]
[WhiteElo "2837"]
[BlackElo "2789"]
[PlyCount "67"]

1. Nf3 c5 2. c4 Nc6 3. Nc3 e5 4. e3 Nf6 5. Be2 d5 6. cxd5 Nxd5
7. O-O Be7 8. Bb5 Nxc3 9. dxc3 Qxd1 10. Rxd1 f6 11. e4 Be6
12. Be3 Kf7 13. Nd2 Na5 14. Kf1 Rhd8 15. Be2 a6 16. h3 Rd7
17. Bg4 Rad8 18. Ke2 g6 19. Bxe6+ Kxe6 20. b3 f5 21. f3 b5
22. Rab1 Rd3 23. Rbc1 R8d7 24. Nf1 Rxd1 25. Rxd1 Rxd1 26. Kxd1
c4 27. Nd2 cxb3 28. axb3 Nb7 29. b4 a5 30. bxa5 Nxa5 31. Kc2
Nc4 32. Nxc4 bxc4 33. g4 f4 34. Bf2 1/2-1/2

[Event "World Blitz Championship"]
[Site "Riyadh KSA"]
[Date "2017.12.30"]
[EventDate "2017.12.29"]
[Round "17.3"]
[Result "1-0"]
[White "Maxime Vachier-Lagrave"]
[Black "Vladislav Artemiev"]
[WhiteElo "2789"]
[BlackElo "2691"]
[PlyCount "69"]

1. e4 c5 2. Nf3 e6 3. d4 cxd4 4. Nxd4 a6 5. Bd3 Ne7 6. O-O
Nec6 7. Be3 Nxd4 8. Bxd4 Nc6 9. Bc3 b5 10. a3 e5 11. Bd2 Bc5
12. b4 Bd4 13. c3 Bb6 14. a4 bxa4 15. c4 d6 16. Nc3 O-O
17. Nd5 Be6 18. Nxb6 Qxb6 19. Rxa4 Nd4 20. Be3 Bd7 21. b5 axb5
22. cxb5 Qc5 23. Rc4 Qb6 24. Ra4 Qc5 25. Bxd4 exd4 26. Rxa8
Rxa8 27. Qb1 Rb8 28. Rc1 Qb6 29. Qb4 h6 30. h3 Ra8 31. Rc4
Ra1+ 32. Kh2 Rd1 33. Rxd4 Bxb5 34. e5 Qa7 35. Qxb5 1-0

[Event "World Blitz Championship"]
[Site "Riyadh KSA"]
[Date "2017.12.30"]
[EventDate "2017.12.29"]
[Round "18.3"]
[Result "1-0"]
[White "Tigran Levonovich Petrosian"]
[Black "Maxime Vachier-Lagrave"]
[WhiteElo "2601"]
[BlackElo "2789"]
[PlyCount "129"]

1. Nf3 c5 2. g3 g6 3. Bg2 Bg7 4. O-O Nc6 5. e4 d6 6. d3 e5
7. c3 Nge7 8. a3 O-O 9. b4 b6 10. Nbd2 h6 11. Re1 Be6 12. Bb2
Qd7 13. Nc4 Rad8 14. b5 Nb8 15. a4 Qc7 16. a5 Nd7 17. axb6
axb6 18. Qa4 d5 19. exd5 Nxd5 20. Nfd2 Rb8 21. Qa7 Rb7 22. Qa6
Rbb8 23. Qa7 Rb7 24. Qa6 Rd8 25. Nd6 Rbb8 26. N2c4 N7f6
27. Qa7 Bf8 28. Ne4 Nxe4 29. dxe4 Qxa7 30. Rxa7 Nxc3 31. Bxc3
Bxc4 32. Bxe5 Ra8 33. Rxa8 Rxa8 34. Bf1 Bb3 35. Rc1 Ra4
36. Bc7 c4 37. Bxb6 Ba3 38. Ra1 c3 39. Be3 c2 40. b6 Rxe4
41. Rxa3 Rxe3 42. b7 c1=Q 43. b8=Q+ Kh7 44. Rxb3 Re1 45. Qb5
Qd1 46. Re3 Rxe3 47. fxe3 Qf3 48. Qe2 Qf6 49. Qf2 Qe7 50. Bc4
Kg7 51. Qb2+ Kh7 52. Qd4 h5 53. h4 Kg8 54. Kg2 Qb7+ 55. Bd5
Qa6 56. Qc4 Qf6 57. Qf4 Qe7 58. Qg5 Qd6 59. e4 Kg7 60. Qf4 Qe7
61. e5 Qd7 62. Qf6+ Kf8 63. Qh8+ Ke7 64. Qf6+ Ke8 65. Bc6 1-0

[Event "World Blitz Championship"]
[Site "Riyadh KSA"]
[Date "2017.12.30"]
[EventDate "2017.12.29"]
[Round "19.4"]
[Result "0-1"]
[White "Maxime Vachier-Lagrave"]
[Black "Levon Aronian"]
[WhiteElo "2789"]
[BlackElo "2805"]
[PlyCount "252"]

1. b3 d5 2. Bb2 c6 3. e3 Nf6 4. Nf3 Bg4 5. c4 e6 6. Be2 Nbd7
7. O-O Bd6 8. h3 Bh5 9. d4 Ne4 10. Nbd2 Nxd2 11. Nxd2 Bxe2
12. Qxe2 O-O 13. e4 dxe4 14. Nxe4 Be7 15. Rad1 Nf6 16. Nd2 Qa5
17. a3 Qb6 18. Qe3 Rad8 19. Nf3 Rfe8 20. Rfe1 a5 21. Ne5 Nd7
22. Ng4 Nf6 23. Ne5 Nd7 24. Nf3 Bf6 25. Rd2 h6 26. Red1 Qa6
27. a4 Qb6 28. g3 Be7 29. Kg2 Nf6 30. Rd3 Qc7 31. Bc3 b6
32. Qe1 Qb7 33. Kg1 c5 34. Qe3 cxd4 35. Bxd4 Nd7 36. Ne5 Nc5
37. Bxc5 Rxd3 38. Qxd3 Bxc5 39. Qd7 Rb8 40. Qxb7 Rxb7 41. Rd8+
Kh7 42. Kf1 f6 43. Nd3 Kg6 44. Rc8 Bd4 45. Ke2 Kf7 46. Rc6 e5
47. g4 Ke7 48. Rc8 Kd7 49. Rg8 Ke6 50. Kf3 Rd7 51. Rc8 Bc3
52. Ke3 Ke7 53. Rc6 g6 54. f3 Bd4+ 55. Ke2 h5 56. gxh5 gxh5
57. Rc8 Ke6 58. Rg8 Kf5 59. Rh8 Kg5 60. Rg8+ Kh4 61. Ne1 Kxh3
62. f4 e4 63. f5 Bc3 64. Ng2 Rd2+ 65. Kf1 Be5 66. Ne3 Bg3
67. Nd5 Rf2+ 68. Ke1 Rxf5+ 69. Ke2 h4 70. Rg6 Rf3 71. Nxf6
Rxb3 72. Nxe4 Kg2 73. c5 bxc5 74. Nxc5 Ra3 75. Nd3 Rxa4
76. Ne1+ Kh3 77. Nf3 Re4+ 78. Kf1 Re3 79. Rf6 a4 80. Ng1+ Kg4
81. Ra6 a3 82. Ra4+ Kf5 83. Kg2 Ke5 84. Nf3+ Kd5 85. Nd4 Re4
86. Rxa3 Rxd4 87. Kh3 Ke4 88. Rf3 Rd1 89. Rf7 Ke5 90. Rf3 Rd2
91. Rf5+ Ke6 92. Rf3 Rh2+ 93. Kg4 Rh1 94. Re3+ Kf6 95. Rf3+
Kg6 96. Rb3 Bf2 97. Rb2 Bd4 98. Rc2 Bf6 99. Rg2 Rf1 100. Kh3+
Kh5 101. Rc2 Rf3+ 102. Kg2 Ra3 103. Rc1 h3+ 104. Kh1 Be5
105. Rf1 Kg4 106. Rg1+ Bg3 107. Rd1 Ra2 108. Rd4+ Bf4 109. Rd1
Be3 110. Re1 Kf3 111. Rf1+ Bf2 112. Rb1 Ra3 113. Kh2 Be3
114. Kxh3 Ra8 115. Rb4 Ra1 116. Rb2 Ra5 117. Rb4 Ra2 118. Rg4
Ra1 119. Rg3+ Ke4 120. Kg4 Bf4 121. Rg2 Re1 122. Kh3 Kf5
123. Rf2 Rg1 124. Re2 Rg3+ 125. Kh4 Rf3 126. Rg2 Rf1 0-1

[Event "World Blitz Championship"]
[Site "Riyadh KSA"]
[Date "2017.12.30"]
[EventDate "2017.12.29"]
[Round "20.6"]
[Result "0-1"]
[White "Boris Savchenko"]
[Black "Maxime Vachier-Lagrave"]
[WhiteElo "2566"]
[BlackElo "2789"]
[PlyCount "52"]

1. e4 c5 2. Nf3 d6 3. d4 cxd4 4. Nxd4 Nf6 5. Nc3 a6 6. Bg5 e6
7. f4 h6 8. Bh4 Qb6 9. a3 Be7 10. Bf2 Qc7 11. g4 h5 12. gxh5
e5 13. fxe5 dxe5 14. Nf5 Bxf5 15. exf5 Nc6 16. Bg2 Rd8 17. Qf3
Rxh5 18. Rd1 Nd4 19. Bxd4 exd4 20. Ne4 Qe5 21. Kd2 Rxf5
22. Nxf6+ Rxf6 23. Qe4 Qg5+ 24. Kd3 Re6 25. Qxb7 Re3+ 26. Kc4
Qc5# 0-1

[Event "Bundesliga 2017/18"]
[Site "Norderstedt GER"]
[Date "2018.02.03"]
[EventDate "2017.10.21"]
[Round "7.4"]
[Result "1-0"]
[White "Maxime Vachier-Lagrave"]
[Black "Michal Olszewski"]
[WhiteElo "2794"]
[BlackElo "2551"]
[PlyCount "77"]

1. e4 e5 2. Nf3 Nc6 3. Bb5 a6 4. Ba4 Nf6 5. O-O Be7 6. Re1 b5
7. Bb3 d6 8. c3 O-O 9. h3 Nd7 10. d3 Nb6 11. Be3 Bf6 12. Nbd2
g6 13. Nf1 Bg7 14. d4 Rb8 15. Ng3 a5 16. Bc2 Nc4 17. Bc1 exd4
18. cxd4 Nb4 19. Bb1 c5 20. b3 Nb6 21. Bg5 Qc7 22. Qd2 c4
23. Rc1 Be6 24. a3 Nc6 25. Bh6 Bc8 26. Bxg7 Kxg7 27. a4 bxa4
28. bxc4 f6 29. c5 dxc5 30. Rxc5 Qd6 31. Qc3 Bd7 32. e5 fxe5
33. dxe5 Qd1+ 34. Kh2 Qb3 35. Rxc6 Bxc6 36. Qxc6 Qb2 37. Ng5
Qxe5 38. Ne6+ Kh6 39. Qc1+ 1-0

[Event "Bundesliga 2017/18"]
[Site "Norderstedt GER"]
[Date "2018.02.04"]
[EventDate "2017.10.21"]
[Round "8.3"]
[Result "1/2-1/2"]
[White "Nils Grandelius"]
[Black "Maxime Vachier-Lagrave"]
[WhiteElo "2653"]
[BlackElo "2794"]
[PlyCount "111"]

1. Nf3 c5 2. c4 Nc6 3. d4 cxd4 4. Nxd4 Nf6 5. Nc3 e6 6. g3 Qb6
7. Ndb5 Ne5 8. Bg2 a6 9. Qa4 Neg4 10. O-O Rb8 11. b4 axb5
12. Nxb5 Kd8 13. h3 Ne5 14. Bf4 d6 15. Qb3 Bd7 16. a4 Nxc4
17. Qxc4 Bxb5 18. Qxb5 Qxb5 19. axb5 Be7 20. Rfd1 Kd7 21. Ra7
Nd5 22. Bxd5 exd5 23. Rxd5 Rhc8 24. Ra2 Ke6 25. Rad2 Rd8
26. e4 Rbc8 27. h4 f6 28. R5d4 h5 29. Kg2 g6 30. Kf3 Rc3+
31. Ke2 Rb3 32. Rc4 Rd7 33. Be3 f5 34. b6 fxe4 35. Rxe4+ Kf7
36. Rd5 Bf6 37. Kf3 Rc3 38. g4 hxg4+ 39. Kxg4 Re7 40. Rf4 Ke6
41. Rd1 Rb3 42. Rxf6+ Kxf6 43. Bg5+ Kf7 44. Bxe7 Rxb4+ 45. f4
Kxe7 46. Kg5 d5 47. Rxd5 Rxb6 48. Rc5 Kf7 49. Rc7+ Kf8 50. Rd7
Kg8 51. Kh6 Rf6 52. Rxb7 Rxf4 53. Kxg6 Rg4+ 54. Kh5 Ra4
55. Kg6 Rg4+ 56. Kh5 1/2-1/2

[Event "Bundesliga 2017/18"]
[Site "Aachen GER"]
[Date "2018.02.24"]
[EventDate "2017.10.21"]
[Round "9.1"]
[Result "1/2-1/2"]
[White "Maxime Vachier-Lagrave"]
[Black "Vassily Ivanchuk"]
[WhiteElo "2794"]
[BlackElo "2732"]
[PlyCount "77"]

1. e4 c6 2. Nc3 d5 3. Nf3 Bg4 4. h3 Bxf3 5. Qxf3 e6 6. d4 dxe4
7. Qxe4 Nf6 8. Qd3 Na6 9. a3 Qb6 10. Be2 Be7 11. O-O O-O
12. Rd1 Rfd8 13. b4 Nc7 14. Na4 Qb5 15. Nc5 Qxd3 16. Rxd3 b6
17. Nb3 Rac8 18. Bb2 Nfd5 19. g3 Bf6 20. c4 Ne7 21. Rad1 Ne8
22. Bf3 Nd6 23. Nd2 b5 24. c5 Ndf5 25. Nb3 Nd5 26. Bc1 Rd7
27. Bd2 g5 28. Be4 h6 29. h4 Kg7 30. hxg5 hxg5 31. Kg2 Rh8
32. Ra1 g4 33. a4 a6 34. axb5 axb5 35. Ra6 Rc8 36. f3 gxf3+
37. Kxf3 Nde7 38. Bc3 Nd5 39. Bd2 1/2-1/2

[Event "Bundesliga 2017/18"]
[Site "Aachen GER"]
[Date "2018.02.25"]
[EventDate "2017.10.21"]
[Round "10.1"]
[Result "1/2-1/2"]
[White "Pentala Harikrishna"]
[Black "Maxime Vachier-Lagrave"]
[WhiteElo "2733"]
[BlackElo "2794"]
[PlyCount "51"]

1. Nf3 c5 2. c4 Nc6 3. d4 cxd4 4. Nxd4 Nf6 5. Nc3 e6 6. g3 Qb6
7. Nf3 Bc5 8. e3 Bb4 9. Bd2 O-O 10. a3 Be7 11. b4 d5 12. Rc1
dxc4 13. Bxc4 a6 14. e4 Qd8 15. O-O b5 16. Bb3 a5 17. Nxb5 Bb7
18. Bf4 axb4 19. Nd6 Bxd6 20. Bxd6 Re8 21. e5 Ne4 22. axb4 Qb6
23. Bc5 Nxc5 24. bxc5 Qb5 25. Bc4 Qxc5 26. Bxe6 1/2-1/2